Gares sur la ligne de Nevers à Lyon - Statistiques

Statistiques générales
  • Ce quiz a été pris 21 fois
  • Le résultat moyen est 8 sur 27
Statistiques - réponses
Département Gare % Correct
Nièvre (58) Nevers
89%
Rhône (69) Lyon-Perrache
68%
(69) Lyon-Part-Dieu
63%
Loire (42) Roanne
63%
(03) Moulins-sur-Allier
42%
(69) Lozanne
37%
(69) Saint-Germain-au-Mont-d'Or
32%
(69) Tarare
32%
(69) Albigny - Neuville
26%
Rhône (69) Amplepuis
26%
(69) Collonges - Fontaines
26%
(42) Le Coteau
26%
Allier (03) Saint-Germain-des-Fossés
26%
Nièvre (58) Chantenay-Saint-Imbert
21%
(69) Couzon-au-Mont-d'Or
21%
(69) Lyon-Jean-Macé
21%
(69) L'Arbresle
21%
(42) Régny
21%
(58) Saincaize
21%
(58) Saint-Pierre-le-Moûtier
21%
Loire (42) Saint-Victor - Thizy
21%
Allier (03) Villeneuve-sur-Allier
21%
(03) Bessay
16%
(69) Chazay - Marcilly
16%
(03) Varennes-sur-Allier
16%
(69) Pontcharra - Saint-Forgeux
11%
(69) Saint-Romain-de-Popey
11%
Aucun quiz correspondant
Distribution des résultats
% des personnes avec chaque résultat
Percentile par nombre de réponses
Votre historique - résultats
Vous n’avez pas pris ce quiz